Doprava a zasielateľstvo vybrané problémy

Bibliographic Details
Main Author: Štensová, Antónia, 1940- (Author)
Format: Book
Language:Slovak
PhysicalDescription:122 s. mp. 21 cm
Published: Bratislava Vydavateľstvo Ekonóm 2008
ISBN:9788022526388
Edition:1. vyd.
Subjects:

MARC

LEADER 00000nam a2200000 a 4500
001 vtls009475073
003 SK-MaSNL
005 20260302010016.0
008 240313s2008 xo b d p 000 0 slo
015 |a SNBA2009/04-01657 
020 |a 9788022526388  |q (brož.) 
035 |a ADD5D62C-258E-4B44-AD20-BEB21EA46BA7 
035 |a urn:nbn:sk:snk-amkzfv 
035 |a urn:nbn:sk:snk-am008p2y 
040 |a SNK  |b slo  |c SNK  |e AACR2 
041 0 |a slo 
044 |a xo  |c SK 
072 7 |a 656.1/.5  |x Pozemná doprava  |2 konspekt 
072 7 |a 656.1  |2 2001 
072 7 |a 656.96  |2 2001 
072 7 |a (075.8)  |2 2001 
100 1 |a Štensová, Antónia,  |d 1940-  |4 aut  |9 97839 
245 1 0 |a Doprava a zasielateľstvo  |b vybrané problémy  |c Antónia Štensová 
250 |a 1. vyd. 
260 |a Bratislava  |b Vydavateľstvo Ekonóm  |c 2008 
300 |a 122 s.  |b mp.  |c 21 cm 
366 |e 100 výt. 
504 |a Bibliogr. s. 120-122 
650 0 7 |a cestná doprava  |2 SNKPH  |9 1776 
650 0 7 |a zasielateľstvo  |2 SNKPH  |9 14521 
655 7 |a učebnice vysokých škôl  |2 SNKPH  |9 70191 
919 |a 978-80-225-2638-8 
958 |a NB 
958 |a OND 
968 |d 65 
999 |c 1001590  |d 1003520 
952 |a SNK  |b SNK  |y VYP  |7 0  |p 17A0612328  |o snkSC 134603 D1  |i snk2009/3120  |8 0  |0 0  |1 0  |4 0  |d 2009-02-19  |l 0  |r 2026-02-24 12:22:56  |w 2026-02-24 
952 |a SNK  |b SNK  |y VYP  |7 0  |p 17A0612327  |o snkSC 134603  |i snk2009/3119  |8 0  |0 0  |1 0  |4 0  |d 2009-02-19  |f 1  |l 0  |r 2025-06-30 00:00:00  |w 2026-02-24